000 00244nam a2200097Ia 4500
001 664272
005 20250826160228.0
008 250824s9999 xx 000 0 und d
245 0 _aAlamut Fedailerin Kalesi
_cVladimir Bartol
260 _bKORİDOR
999 _c664272
_d664272